000 00556nam a2200205 4500
003 DO-SdBNP
005 20180212133522.0
008 161117b2000 sp||||| |||| 00| 0 spa d
020 _a8420712566
040 _aBPMSU
_bspa
_cBPMSU
100 _aVilarrubias, Pia
245 _aCua, el amigo de tona /
_cPia Vilarrubias
260 _aMadrid :
_bAnaya ,
_c2000
300 _a32 p. :
_bil. :
_c22 cm
490 0 _aTina y su pandilla
_v3
830 0 _aTina y su pandilla
_n3
942 _2ddc
_cBK
945 _aInventariado, 2018/ YL
956 _adgarcia
999 _c11978
_d11978